000 00360nam a2200133Ia 4500
008 151001s9999||||xx |||||||||||||| ||und||
100 _aवि वा भिडे
245 _aकेंजळगडचा कबजा
250 _a1
260 _bभारत गौरव ग्रंथमाला
260 _c1926
300 _a200
365 _b7
999 _c952276
_d952273